00405 a2200145 4500001000700000003000400007005001700011008004100028082001900069100002000088245008500108260003800193300001000231700001800241132498OSt20220111115715.0  a530.1595bA51S1 aAmit, Daniel J.1 aStatistical Physics : an introductory coursecby Daniel J. Amit and Yosef Verbin aSingaporebWorld Scientificc2006 a565p. aVerbin, Yosef